| 000 | 01032nam a22002537a 4500 | ||
|---|---|---|---|
| 005 | 20170124103008.0 | ||
| 010 | _aA-475198 | ||
| 020 |
_c30.00 _a8170552230 |
||
| 035 | _aA-475198 | ||
| 037 | _bCen Lib/Ret | ||
| 040 |
_aDPL _bHN |
||
| 082 |
_aक _bउर्मिल |
||
| 100 |
_aउर्मिल सत्यभूषण _956845 |
||
| 245 |
_aअब और नहीं / _cउर्मिल सत्यभूषण |
||
| 246 |
_aAab aur nahin / _bby Urmi Satyabhooshan |
||
| 260 |
_aनयी दिल्ली _bवाणी प्रकाशन _c1991 |
||
| 270 |
_a4697/5, 21-ए, दरियागंज, _bनयी दिल्ली _e110002 |
||
| 300 |
_a98पृ. _c17सेमी (सजिल्द) |
||
| 650 |
_aहिंदी साहित्य _956846 |
||
| 650 |
_aहिंदी साहित्य --लघु कथाएँ _956847 |
||
| 650 |
_aHindi literature _956848 |
||
| 650 |
_aHindi literature--Short Stories _956849 |
||
| 942 |
_2ddc _cHN _hक _mउर्मिल |
||
| 999 |
_c114441 _d114441 |
||